000 00553nam a2200205Ia 4500
003 OSt
005 20221007112404.0
006 a|||||r|||| 00| 0
007 ta
008 221006b |||||||| |||| 00| 0 eng d
024 _a27,136
037 _cBound Volume
040 _aLCO
_cLCO
_beng
041 _2eng
_aeng
245 0 _aALL INDIA REPORTER HYDERABAD
260 _aNagpur
_bAll India reporter ltd. India
_c1950
490 _v6960, 6959, 331704 37 -1950
942 _cCR
999 _c1196699
_d1196699